LEADER 01751nam0 22003371i 450 001 UON00044102 005 20231205102158.594 100 $a20020107d1936 |0itac50 ba 101 $afre 102 $aFR 105 $a|||| 1|||| 200 1 $aˆLa ‰Légende phénicienne de Danel$etexte cunéiforme alphabétique avec transcription et commentaire précédé d'une introduction a l'étude de la civilisation d'Ugarit$fpar Charles Virolleaud 210 $aParis$cLibrairie Orientaliste Paul Geuthner$d1936 215 $aVIII, 241 p., 17 c. di tav.$cill.$d26 cm 410 1$1001UON00038570$12001 $aBibliothèque Archéologique et Historique$bBeyrouth-Damas-Amman]$fInstitut Français d'Archéologie de Beyrouth$v021 410 1$1001UON00044039$12001 $aMission de Ras Shamra$1210 $aParis$cImprimerie Nationale , Librairie C. Klincksieck$d[1950]-. v. ; 26 cm$v1 606 $aArcheologia$xSiria$xSiti$xRas Shamra$3UONC015213$2FI 606 $aArcheologia$xUgarit$3UONC008611$2FI 606 $aFILOLOGIA ACCADICA$xARCHIVI RAS SHAMRA$3UONC015215$2FI 606 $aLETTERATURA CUNEIFORME$xTESTI UGARITICI$3UONC015199$2FI 606 $aMITOLOGIA UGARITICA$3UONC015163$2FI 620 $aFR$dParis$3UONL002984 686 $aSIPA III UG$cSIRIA E PALESTINA - FILOLOGIA UGARITICA$2A 700 1$aVIROLLEAUD$bCharles$3UONV006687$0635203 712 $aGeuthner$3UONV246291$4650 801 $aIT$bSOL$c20250801$gRICA 899 $aSIBA - SISTEMA BIBLIOTECARIO DI ATENEO$2UONSI 912 $aUON00044102 950 $aSIBA - SISTEMA BIBLIOTECARIO DI ATENEO$dSI SIPA III UG 013 N $eSI MR 20786 5 013 N 996 $aLégende phénicienne de Danel$91157606 997 $aUNIOR